000 00528nam a2200217Ia 4500
003 OSt
005 20220928135354.0
006 a|||||r|||| 00| 0
007 ta
008 220927b |||||||| |||| 00| 0 eng d
024 _a1631
037 _cTextual
040 _aSDCL
_cSDCL
_beng
041 _2eng
_aeng
082 _aX:51, L9
100 _aMcCarthy E Jerome
_9460962
245 0 _aEssentials of marketing
260 _c1979
942 _hX:51, L9
_cTEXL
_2CC
999 _c805450
_d805450